| 000 | 00657cam a22002054a 4500 | ||
|---|---|---|---|
| 005 | 20250605164345.0 | ||
| 008 | 250528s ||||||||||||||||||||||||d | ||
| 035 | _a23823 | ||
| 020 | _a9607464311 | ||
| 040 |
_aGR-AtMCL _bgre _dGR-AtMCL _eAACR2 |
||
| 245 | 1 | _aΔιάσπαση προσοχής και υπερκινητικότητα παιδιών και εφήβων | |
| 250 | _a2 | ||
| 260 |
_aΕλλάδα _bΠλοηγός, _c2005 |
||
| 300 | _a103 | ||
| 520 | _aΔιάγνωση-αξιολόγηση-αντιμετώπιση | ||
| 700 | 1 |
_aΤρίγκα-Μερτίκα Ελένη Δ _98682 |
|
| 942 | _cBK | ||
| 999 |
_c8751 _d8751 |
||